Las mejores fábulas de todos los tiempos / (Registro nro. 11174)
[ vista simple ]
| 000 -LIDER | |
|---|---|
| fixed length control field | 00939nam a22002897a 4500 |
| 001 - NÚMERO DE CONTROL | |
| Identificador de número de control | 001160 |
| 003 - IDENTIFICACDOR DE NÚMERO DE CONTROL | |
| control field | DO-SdBPM |
| 005 - DATE AND TIME OF LATEST TRANSACTION | |
| control field | 20241129113356.0 |
| 007 - CAMPOS FIJOS DE DESCRIPCIÓN FÍSICA | |
| fixed length control field | 001160 |
| 008 - ELEMENTOS DE LONGITUD FIJA | |
| fixed length control field | 160818b2008 ag | 00| 0 spa d |
| 020 ## - ISBN | |
| International Standard Book Number | 9789875504110 |
| 040 ## - FUENTE DE CATALOGACIÓN | |
| Agencia que crea de manera original el registro | DO-SdBPM |
| Idioma de catalogación | spa |
| Agencia que realiza la transcripción | BPMSU |
| 082 #4 - NÚMERO DE CLASIFICACIÓN DECIMAL DE DEWEY | |
| Classification number | 808.83 |
| Item number | E76m 2008 |
| Edition number | 22 |
| 245 04 - MENCIÓN DE TITULO | |
| Título | Las mejores fábulas de todos los tiempos / |
| Mención de responsabilidad | Esopo, De La Fontaine [y otros ] versiones completas ; prólogo y selección Nerio Tello ; traducción Mario Alarcón |
| 260 ## - PUBLICACIÓN, DISTRIBUCIÓN, ETC. (PIE DE IMPRENTA) | |
| Lugar de publicación, distribución, etc | Buenos Aires : |
| Nombre del editor, distribuidor, etc. | Longseller, |
| Fecha de publicación, distribución, etc | 2008. |
| 300 ## - DESCRIPCIÓN FÍSICA | |
| Extensión | 204 p. ; |
| Dimensiones | 18 cm. |
| 490 0# - MENCIÓN DE SERIES | |
| Mención de serie | Clásicos de siempre ; |
| -- | Cuentos, |
| Volume/sequential designation | 6 |
| 490 1# - MENCIÓN DE SERIES | |
| Volume/sequential designation | 6 |
| 590 ## - NOTA LOCAL | |
| Texto de la nota local | Inventariado, 2024/VM |
| 650 #4 - ENCABEZAMIENTO DE MATERIA--TEMÁTICO | |
| Término temático o nombre geográfico como elemento de entrada | Fábulas |
| Subdivisión de forma | Colecciones |
| 700 1# - ASIENTO SECUNDARIO -- NOMBRE PERSONAL | |
| Nombre personal | Esopo, |
| Fechas asociadas con el nombre | 620-550 a. de C. |
| 700 1# - ASIENTO SECUNDARIO -- NOMBRE PERSONAL | |
| Nombre personal | Lafontaine, de la |
| 700 1# - ASIENTO SECUNDARIO -- NOMBRE PERSONAL | |
| Nombre personal | Tello, Nerio |
| Mención de responsabilidad | prólogo |
| 700 1# - ASIENTO SECUNDARIO -- NOMBRE PERSONAL | |
| Nombre personal | Alarcón, Mario, |
| Mención de responsabilidad | traductor |
| 910 ## - VALIDACIÓN | |
| Validación | VMateo V. Control de calidad. BPMSU |
| 942 ## - ADDED ENTRY ELEMENTS (KOHA) | |
| Source of classification or shelving scheme | Dewey Decimal Classification |
| Koha item type | Libros |
| Withdrawn status | Lost status | Source of classification or shelving scheme | Damaged status | Not for loan | Collection code | Home library | Current library | Date acquired | Source of acquisition | Total Checkouts | Full call number | Barcode | Date last seen | Price effective from | Koha item type | Copy number |
|---|---|---|---|---|---|---|---|---|---|---|---|---|---|---|---|---|
| Dewey Decimal Classification | Colección Juvenil General | Biblioteca Pública Metropolitana Salomé Ureña | Biblioteca Pública Metropolitana Salomé Ureña | 08/18/2016 | Compra | BPMSU CJG 808.83 M516f 2008 | BPMSU16080206 | 08/18/2016 | 08/18/2016 | Libros | ||||||
| Dewey Decimal Classification | Colección Juvenil General | Biblioteca Pública Metropolitana Salomé Ureña | Biblioteca Pública Metropolitana Salomé Ureña | 08/18/2016 | Compra | BPMSU CJG 808.83 M516f 2008 | BPMSU16080207 | 08/18/2016 | 08/18/2016 | Libros | e.2 |